Cacatuidae: Cockatoos, Corellas, Galah and Cockatiel - Statistics

General Stats
  • This quiz has been taken 11 times
  • The average score is 6 of 14
Answer Stats
Answer % Correct
Galah
75%
Gang-gang Cockatoo
75%
Baudin's Black Cockatoo
50%
Carnaby's Black Cockatoo
50%
Cockatiel
50%
Major Mitchell's Cockatoo
50%
Red-tailed Black Cockatoo
50%
Sulphur-crested Cockatoo
50%
Yellow-tailed Black Cockatoo
50%
Glossy Black Cockatoo
25%
Little Corella
25%
Long-billed Corella
25%
Palm Cockatoo
25%
Western Corella
25%
No matching quizzes found
Score Distribution
Percent of People with Each Score
Percentile by Number Answered
Your Score History
You have not taken this quiz